Religion Quiz

Random Religion Quiz

Roman Gods Quiz Stats

 Plays Quiz not verified by Sporcle

Challenge
Share
Tweet
Embed
Score 0/12 Timer 05:00
0 Plays Today
Hint Answer % Correct
King of the GodsJupiter
100%
God of the WarMars
100%
God of LoveVenus
100%
God of the SeaNeptune
91.7%
God of the UnderworldPluto
91.7%
Messenger of the GodsMercury
91.7%
Queen of the GodsJuno
83.3%
Goddess of WisdomMinerva
83.3%
Goddess of Moon and HuntingDiana
75%
Goddess of HarvestCeres
75%
God of FireVulcan
75%
Goddess of the hearth and homeVesta
75%

You're not logged in!

Compare scores with friends on all Sporcle quizzes.
Join for Free
OR
Log In

You Might Also Like...

Show Comments

Extras

Created Feb 17, 2017ReportNominate
Tags:god, roman

Top Quizzes Today


Score Distribution

Your Account Isn't Verified!

In order to create a playlist on Sporcle, you need to verify the email address you used during registration. Go to your Sporcle Settings to finish the process.

Report this User

Report this user for behavior that violates our Community Guidelines.

Details: